000 00290nam a22001097a 4500
008 160523b xxu||||| |||| 00| 0 eng d
020 _a0075571129
041 _aeng
080 _a003.2
245 _aLiterature: reading fiction; poetry; drama and the essay:
_cRobert DiYanni;
942 _2udc
_cBK
999 _c2379
_d2379